|
|
|
|
| LEADER |
00000nam a2200000 i 4500 |
| 001 |
1/12752 |
| 008 |
110401s2010 eng d |
| 020 |
|
|
|a 978-1-4419-1162-9
|
| 035 |
|
|
|l 10109903
|
| 040 |
|
|
|a GR-MY-UA
|b gre
|e aacr
|
| 041 |
0 |
|
|a eng
|
| 082 |
0 |
|
|a 515.35
|2 (22)
|
| 100 |
1 |
|
|a Betounes, David.
|
| 245 |
1 |
0 |
|a Differential equations :
|b theory and applications /
|c David Betounes
|
| 250 |
|
|
|a 2nd ed.
|
| 260 |
|
|
|a London :
|b Springer,
|c c2010
|
| 300 |
|
|
|a xiv, 626 σ.;
|b διαγρ.;
|c 24 εκ.
|
| 504 |
|
|
|a Βιβλιογραφία: σ.615-619
|
| 504 |
|
|
|a Ευρετήριο: σ.621-626
|
| 650 |
0 |
0 |
|a Differential equations.
|
| 650 |
0 |
0 |
|a Mechanics.
|
| 650 |
0 |
0 |
|a Hamiltonian systems.
|
| 650 |
0 |
0 |
|a Dynamics.
|
| 650 |
0 |
0 |
|a Vector fields.
|
| 852 |
|
|
|a INST
|b CHIOS
|e 20110401
|h 515.35 BET
|p 005200031271
|q 005200031271
|t BK
|y 0
|
| 901 |
|
|
|a BIBL2-2011-1
|
| 909 |
|
|
|a Χ
|b 166828
|
| 922 |
|
|
|a 2ΕΛΗ
|b 201111
|c ΤΑΚ/ΤΔΕ
|d ΜΙΧΑΛΟΠΟΥΛΟΣ
|
| 970 |
|
|
|a ΣΠΕΝΤΖΑ
|b ΕΛΕΝΗ
|z 2011/04/01
|